Imiona na A - Statystyki

Ogólne statystyki
  • Ten quiz został rozwiązany 63 razy
  • Średni wynik to 17 z 32
Statystyki odpowiedzi
Hint Odpowiedź % Poprawnych
ż Ada
89%
ż Agnieszka
87%
ż Anna
87%
ż Alicja
80%
m Adam
78%
m Andrzej
78%
m Aleksander
67%
ż Aleksandra
67%
m Adrian
65%
m Antoni
63%
ż Agata
61%
ż Anastazja
61%
m Arkadiusz
61%
m Aleksy
59%
ż Adrianna
57%
ż Amelia
54%
ż Aneta
52%
ż Alina
50%
ż Andżelika
46%
ż Antonina
46%
ż Anita
43%
m Albert
41%
ż Amanda
41%
m Artur
41%
ż Adela
37%
m Adolf
28%
m Amadeusz
28%
ż Adelajda
20%
m Alfred
20%
ż Aldona
17%
m Arnold
17%
m Anastazy
9%
Nie znaleziono quizów pasujących do podanych kryteriów
Rozkład punktacji
Procent ludzi z każdym wynikiem
Percentyl według liczby udzielonych odpowiedzi
Twoja historia wyników
Nie rozwiązałeś tego quizu